Quizzes
Events
Quiz Creation
Community
Videos
Private Events
Remove Ads
Sign In
Join for FREE
Feedback
Dark Mode
Quiz Categories
Sports
Geography
Music
Movies
Television
Just For Fun
Miscellaneous
History
Literature
Language
Science
Gaming
Entertainment
Religion
Holiday
For Kids
Quiz Lab
Recent
Popular Today
Quiz Kudos Today
Editor Picks
Curator Picks
Quizzes by...
Day
Popularity
Type
Ratings
Length
Year
Community
Subscriptions
Recent Discussions
Orange Saloon
Badges
Playlists
Quests
Create
Leaderboards
Showdown
Live 5
Trivia Bingo
Activity
Puzzle Library
Sporcle Events
Private Events
Virtual Trivia
Globe League
Become a Host
Pub Owners
SporcleCon
Opinionation
Our Games
Videos
Blog
Mobile Apps
Partnerships
Remove Ads and Go Orange
Feedback
Sports
Athletes
MLB
NBA
NHL
NFL
Soccer
Sports Teams
WWE
NCAA
Football
Premier League
Basketball
Baseball
Hockey
Golf
Tennis
Cricket
Rugby
Auto Racing
Olympics
World Cup
Sports
Athletes
MLB
NBA
NHL
NFL
Soccer
Sports Teams
WWE
NCAA
Football
Premier League
Basketball
Baseball
Hockey
Golf
Tennis
Cricket
Rugby
Auto Racing
Olympics
World Cup
Random Quiz
Search Sporcle
×
Quiz Lab
Quiz Lab
Sports
Football
Type in answers that appear in a list
Type in answers that appear in a list
Classic
Best Score? Go Orange.
Norwegian Football League Champions Stats
Can you name the Norwegian Football League Champions?
By
AndersAllen
10m
64 Questions
587 Plays
587 Plays
587 Plays
Comments
Comments
Give Quiz Kudos
Give Quiz Kudos
-
- Ratings
hide this ad
Replay
Link that replays current quiz
Next Quiz
Link to next quiz in quiz playlist
You Got
0%
They Got
Avg Score
83%
Avg Friend Score
Upgrade to see
Score Distribution
Jump to the score distribution portion of the page
Score
0/64
Timer
10:00
0
Plays Today
Year
Club
% Correct
1967
Rosenborg
99.3%
1969
Rosenborg
99.3%
1971
Rosenborg
99.3%
1985
Rosenborg
99.3%
1988
Rosenborg
99.3%
1990
Rosenborg
99.3%
1992
Rosenborg
99.3%
1993
Rosenborg
99.3%
1994
Rosenborg
99.3%
1995
Rosenborg
99.3%
1996
Rosenborg
99.3%
1997
Rosenborg
99.3%
1998
Rosenborg
99.3%
1999
Rosenborg
99.3%
2000
Rosenborg
99.3%
2001
Rosenborg
99.3%
2002
Rosenborg
99.3%
2003
Rosenborg
99.3%
2004
Rosenborg
99.3%
2006
Rosenborg
99.3%
2009
Rosenborg
99.3%
1961/
62
Brann
91.1%
1963
Brann
91.1%
2007
Brann
91.1%
1965
Vålerenga
90.3%
1981
Vålerenga
90.3%
1983
Vålerenga
90.3%
1984
Vålerenga
90.3%
2005
Vålerenga
90.3%
1957/
58
Viking
89.9%
1972
Viking
89.9%
1973
Viking
89.9%
Year
Club
% Correct
1974
Viking
89.9%
1975
Viking
89.9%
1979
Viking
89.9%
1982
Viking
89.9%
1991
Viking
89.9%
1964
Lyn
81.1%
1968
Lyn
81.1%
1958/
59
Lillestrøm
79.9%
1976
Lillestrøm
79.9%
1977
Lillestrøm
79.9%
1986
Lillestrøm
79.9%
1989
Lillestrøm
79.9%
2008
Stabæk
79%
1937/
38
Fredrikstad
74.8%
1938/
39
Fredrikstad
74.8%
1948/
49
Fredrikstad
74.8%
1950/
51
Fredrikstad
74.8%
1951/
52
Fredrikstad
74.8%
1953/
54
Fredrikstad
74.8%
1956/
57
Fredrikstad
74.8%
1959/
60
Fredrikstad
74.8%
1960/
61
Fredrikstad
74.8%
1978
Start
72.1%
1980
Start
72.1%
1987
Moss
69.5%
1970
Strømsgodset
68.7%
1966
Skeid
62.9%
1952/
53
Larvik Turn
38.3%
1954/
55
Larvik Turn
38.3%
1955/
56
Larvik Turn
38.3%
1949/
50
Fram
34.6%
1947/
48
Freidig
21.8%
Quiz Playlist
Details
Report
Send in Message
Add To Playlist
Classic:
Type in answers that appear in a list
Quiz Source
Last Updated: Feb 16, 2017
Quiz Scoreboard
CHALLENGE
Sign Up to Join the Scoreboard
Show All
Scores
Hide
Comments
May contain spoilers
Recently Published
9x9 Crossword: Cartoon Network
by jackfrog10
Miscellaneous
3m
College Basketball Coaching Resumes
by pancakes188
Sports
9m
Billboard Blitz: Fleetwood Mac
by CooCooCachoo
Music
15s
More to Explore
Quiz From the Vault
Featured Blog Post
Where Did the Easter Bunny Come From?
hide this ad
You Might Also Like...
Tags
Football Quiz
champion
club
League
League Champions
Norwegian
Norwegian Football
Today's Top Quizzes in Sports
Browse Sports
hide this ad
Today's Top Quizzes in Football
Browse Football
Top Contributed Quizzes in Sports
1
2022 World Cup Stars
2
Les meilleurs buteurs des matchs entre le PSG et l’OM
3
FIFA Club World Cup Champions
4
Les entraîneurs de l'OM et du PSG au 21e siècle
5
Criteria MLB: Left Handed Sluggers
6
AFC Teams Reveal (Wrong Answers Minefield)
7
2023 MLB Unique Player Accomplishments
8
5-to-1: FBS Animal Nicknames
9
Players with Multiple 50 Home Run Seasons
10
5-to-1: UK Sports Teams
Explore More
Trending Topics
Crossword
NBA
Harry Potter
Marvel
Kpop
Disney
Anime
Puzzle
Pokémon
NFL
Song
Country
The Office
Soccer
WWE
hide this ad
More By:
AndersAllen
Quiz
Plays
Rating
Category
Featured
Created
Manchester United Opening Day Line Ups
18,858
4.53
Sports
May 10, 2010
PFA Team of the Year
2,753
4.10
Sports
May 1, 2010
Norway - Brazil, World Cup 1998
824
4.00
Sports
Jun 8, 2010
Premier League winner with 2 clubs
720
3.67
Sports
Jun 9, 2010
Top 20 Goal Scorers for Norway
670
3.33
Sports
Apr 8, 2010
Go to Creator's Profile
Score Distribution
Quiz Creator Spotlight
AndersAllen
Follow
Send a Message
Quizzes Created
-
Created Quiz Play Count
-
More By This Creator
Popular Quizzes Today
1
Find the US States - No Outlines Minefield
2
Find the Countries of Europe - No Outlines Minefield
3
The Countries of the World
4
Find the US States
5
Risky Map Clicking: Biggest States A-Z
6
US States
7
Popular People in 1961
8
Movies - When Are They Set?
More Sports Quizzes
Minnesota Twins World Series Opponents
Curator's Pick
Trending Quizzes
Risky Map Clicking: Least Populous States A-Z
1-10 Letter G Words
1-10 Letter F Words
Risky Map Clicking: Next State Alphabetically
Adjectives in 80s TV Shows
Recently Updated
Leaping Animals
pecheneg
Reality TV Shows (A-Z)
bhenderson79
Rickey Henderson's Hall of Fame Teammates
pecheneg
Champions League XIs: Arsenal
pecheneg
Quick Pick: Celebrities in WWE's Hall of Fame
aduchscher
A-Z Keypad Blitz II
pecheneg
Multiple Oscar Actors
pecheneg
Mystery Phrase Blitz: Oscar 'Best Actors'
pecheneg
F. Scott Fitzgerald Novels
LTH
Pick 3 Villains
ddd62291
Trending Topics
Harry Potter
NBA
Anime
Marvel
Kpop
Crossword
Disney
NFL
Pokémon
Soccer
Country
The Office
WWE
Song
Puzzle
Your Account Isn't Verified!
In order to create a playlist on Sporcle, you need to verify the email address you used during registration. Go to your
Sporcle Settings
to finish the process.
Report this User
Report this user for behavior that violates our
Community Guidelines
.
Details:
Send Report
Go to the Sporcle.com Mobile Site →
Comments